Statistiken für Zufällige Länder auf der Weltkarte ohne Grenze

Klicken Sie hier um das Quiz zu spielen!

Allgemein

  • Dieses Quiz wurde 3.094 mal gespielt
  • Das Durchschnittsergebnis liegt bei 19 aus 25

Antworten auf der Karte

Die Antworten werden auf der Karte rot bzw. grün angezeigt, abhängig davon wie oft sie richtig erraten wurden.
 

Antwortstatistiken

Land% Korrekt
Island
99%
Irland
98%
Portugal
98%
Spanien
98%
Vereinigte Staaten
98%
Norwegen
97%
Brasilien
96%
Frankreich
96%
Malta
96%
Schweden
96%
Chile
95%
Dänemark
95%
Mexiko
95%
San Marino
95%
Andorra
94%
Südkorea
94%
Vereinigtes Königreich
94%
Belgien
93%
Deutschland
93%
Kanada
93%
Türkei
93%
Nepal
92%
Russland
92%
Madagaskar
91%
Argentinien
90%
Estland
90%
Monaco
90%
Mongolei
90%
Schweiz
90%
Südafrika
90%
Italien
89%
Japan
89%
Niederlande
89%
Bolivien
88%
Indien
88%
Neuseeland
88%
Albanien
87%
China
87%
Lettland
87%
Liechtenstein
87%
Luxemburg
87%
Nordkorea
87%
Oman
87%
Saudi-Arabien
87%
Tschechien
87%
Weißrussland
87%
Finnland
86%
Griechenland
86%
Bosnien und Herzegowina
85%
Malediven
85%
Marokko
85%
Panama
85%
Polen
85%
Serbien
85%
Sri Lanka
85%
Thailand
85%
Uruguay
85%
Australien
84%
Ecuador
84%
Niger
84%
Ungarn
84%
Vatikanstadt
84%
Kroatien
83%
Österreich
83%
Slowenien
83%
Algerien
82%
Kolumbien
82%
Bulgarien
81%
Cabo Verde
81%
Lesotho
81%
Haiti
80%
Litauen
80%
Ukraine
80%
Indonesien
79%
Iran
79%
Israel
79%
Jemen
79%
Nordmazedonien
79%
Peru
79%
Taiwan
79%
Tunesien
79%
Venezuela
79%
Irak
78%
Nicaragua
78%
Paraguay
78%
Philippinen
78%
Sudan
78%
Syrien
78%
Zypern
78%
Ägypten
77%
Aserbaidschan
77%
Demokratische Republik Kongo
77%
Guatemala
77%
Katar
77%
Kuba
77%
Vietnam
77%
Papua-Neuguinea
76%
Slowakei
76%
Libyen
75%
Senegal
75%
Bahamas
74%
Bangladesch
74%
Moldawien
74%
Nigeria
74%
Rumänien
74%
Afghanistan
73%
Botswana
73%
Georgien
73%
Jamaika
73%
Malaysia
73%
Pakistan
73%
Somalia
73%
Turkmenistan
73%
Bhutan
72%
Costa Rica
72%
El Salvador
72%
Gabun
72%
Kasachstan
72%
Laos
72%
Montenegro
72%
Tschad
72%
Angola
71%
Armenien
71%
Äthiopien
71%
Honduras
71%
Kenia
71%
Kosovo
71%
Dominikanische Republik
70%
Kambodscha
70%
Guyana
69%
Mali
69%
Singapur
69%
Belize
67%
Eritrea
67%
Bahrain
66%
Brunei
66%
Namibia
66%
Suriname
66%
Vereinigte Arabische Emirate
66%
Birma
65%
Jordanien
65%
Palau
65%
Seychellen
65%
Kamerun
64%
Kirgisistan
64%
Kongo
64%
Kuwait
64%
São Tomé und Príncipe
64%
Tansania
64%
Komoren
63%
Mauretanien
63%
Ruanda
63%
Togo
63%
Côte d’Ivoire
62%
Guinea
62%
Libanon
62%
Malawi
62%
Samoa
62%
Zentralafrikanische Republik
62%
Burkina Faso
61%
Ghana
61%
Liberia
61%
Südsudan
61%
Timor-Leste
61%
Gambia
60%
Sambia
60%
Dschibuti
59%
Sierra Leone
59%
Tadschikistan
59%
Mauritius
57%
St Vincent und die Grenadinen
57%
Trinidad und Tobago
57%
Vanuatu
57%
Uganda
56%
Grenada
55%
St Kitts und Nevis
55%
Benin
54%
Burundi
53%
Fidschi
53%
Mosambik
53%
Salomonen
53%
Swasiland
53%
Usbekistan
53%
Mikronesien
52%
Äquatorial-Guinea
51%
Guinea-Bissau
51%
Simbabwe
50%
Marshallinseln
48%
St Lucia
48%
Dominica
47%
Kiribati
44%
Nauru
44%
Tuvalu
42%
Barbados
41%
Tonga
41%
Antigua und Barbuda
39%

Verteilung der Resultate

Perzentil nach korrekt beantworteten Fragen

Anzahl Personen mit jedem Resultat

Ihre Resultats-Entwicklung

Sie haben dieses Quiz noch nicht gespielt